Migration Processes and Determinants: The Case of the Slovak Republic

Článok sa zameriava na vývoj migrácie, ktorý bude formovať migračnú politiku na Slovensku v blízkej budúcnosti a poskytuje politické odporúčania. Analýza migračných procesov v Slovenskej republike a identifikácia determinantov imigrácie. Výsledky ukazujú, že za posledné tri desaťročia najviac ovplyv...

Ausführliche Beschreibung

Gespeichert in:
Bibliographische Detailangaben
1. Verfasser: Přívarová, Magdaléna, 1955-
Weitere Verfasser: Rievajová, Eva, Gavurová, Beáta, 1972-, Galstyan, Ani
Format: Buchkapitel
Sprache:Englisch
Schlagworte:
Tags: Tag hinzufügen
Keine Tags, Fügen Sie das erste Tag hinzu!

MARC

LEADER 00000naa a2200000 4500
001 0294242
005 20240502083948.2
041 0 |a eng 
044 |a PL 
245 1 0 |a Migration Processes and Determinants: The Case of the Slovak Republic  |c Magdaléna Přívarová, Eva Rievajová, Beáta Gavurová, Ani Galstyan 
520 |a Článok sa zameriava na vývoj migrácie, ktorý bude formovať migračnú politiku na Slovensku v blízkej budúcnosti a poskytuje politické odporúčania. Analýza migračných procesov v Slovenskej republike a identifikácia determinantov imigrácie. Výsledky ukazujú, že za posledné tri desaťročia najviac ovplyvnil migračné vzorce na Slovensku vstup do EÚ a Schengenského priestoru. Vplyv pandémie Covid-19 a rusko-ukrajinského konfliktu na migračné procesy v krajine. Riadenie migračnej politiky. 
610 2 0 |a migrácia 
610 2 0 |a imigrácia 
610 2 0 |a sily pracovné 
610 2 0 |a pandémia 
610 2 0 |a koronavírus 
610 2 0 |a vojny 
610 2 0 |a Ukrajina 
610 2 0 |a Rusko 
610 2 0 |a rozvoj trvalo udržateľný 
610 2 0 |a politika migračná 
610 2 0 |a Slovensko 
100 1 |a Přívarová, Magdaléna, 1955- 
700 1 |a Rievajová, Eva 
700 1 |a Gavurová, Beáta, 1972- 
700 1 |a Galstyan, Ani